Moon Knight Characters Quiz Stats

 Plays Quiz not verified by Sporcle

Score 0/10 Timer 10:00
0 Plays Today
Clue Character Name % Correct
Moon Knight's pilotFrenchie
72.1%
Moon Knight's godKhonshu
71.2%
Moon Knight's mercenary personalityMarc Spector
67.6%
Moon Knight first appeared as an enemy for this characterWerewolf By Night
64.9%
Moon Knight's archenemyBushman
59.5%
Moon Knight's long-suffering girlfriendMarlene
57.7%
Moon Knight's cabbie personalityJake Lockley
44.1%
Moon Knight's homeless informantCrawley
32.4%
Moon Knight's butlerSamuels
23.4%
Moon Knight's cookNedda
7.2%

You're not logged in!

Compare scores with friends on all Sporcle quizzes.
OR
Log In

Show Comments

Extras

Top Quizzes Today


Score Distribution

Your Account Isn't Verified!

In order to create a playlist on Sporcle, you need to verify the email address you used during registration. Go to your Sporcle Settings to finish the process.

Report this User

Report this user for behavior that violates our Community Guidelines.

Details: